| 000 | 00554nam a2200193Ia 4500 | ||
|---|---|---|---|
| 999 |
_c10241 _d10241 |
||
| 003 | OSt | ||
| 005 | 20191219151818.0 | ||
| 008 | 190216s9999||||xx |||||||||||||| ||und|| | ||
| 020 | _a0074620517 | ||
| 040 | _coclc | ||
| 082 |
_a337 _bCHE/I |
||
| 100 |
_aCherunilam, Francis _9546 |
||
| 245 | 0 |
_aInternational Economics / _cFrancis Cherunilam |
|
| 250 | _a2nd ed. | ||
| 260 |
_bTata Mcgraw Hill Publishing Company Ltd, _c1998. _aNew Delhi: |
||
| 300 | _a431p | ||
| 650 | _aEconomics | ||
| 942 |
_cBK _2ddc _h337 _iCHE/I _k337 _mCHE/I |
||